| 000 | 00383nam a2200157 4500 | ||
|---|---|---|---|
| 005 | 20260209165312.0 | ||
| 008 | cuc123 | ||
| 020 | _a9780077098575 | ||
| 050 |
_aHF 5548.32 BAN _b1` |
||
| 100 | _aBANDYO-PADHYAY N. | ||
| 245 |
_aE- Commerce : _bcontext, concepts and consequences |
||
| 260 |
_aLondon _bMcGraw-Hill _c2002c |
||
| 300 | _axv,303p | ||
| 500 | _aindex | ||
| 942 |
_2lcc _cBK _n0 |
||
| 999 |
_c8671 _d8671 |
||